Parts of a Knight's Armor - Statistics

General Stats
  • This quiz has been taken 29 times
  • The average score is 8 of 16
Answer Stats
Picture Answer % Correct
Helmet
95%
Gauntlet
86%
Chain mail
82%
Greaves
64%
Pauldron
59%
Cuirass
55%
Sabatons
55%
Vambrace
55%
Codpiece
50%
Gorget
50%
Cuisse
41%
Tassets
41%
Backplate
36%
Placard
32%
Poleyn
32%
Elbow cop
9%
No matching quizzes found
Score Distribution
Percent of People with Each Score
Percentile by Number Answered
Your Score History
You have not taken this quiz